Osobitosti účtovného zobrazenia finančného prenájmu vo vzťahu k sústave účtovníctva (podvojné účtovníctvo, jednoduché účtovníctvo) podnikateľského subjektu a ich daňový aspekt v podmienkach SR diplomová práca

Saved in:
Bibliographic Details
Main Author: Brachová, Lucia
Corporate Author: Fakulta hospodárskej informatiky EU. Katedra účtovníctva a audítorstva
Other Authors: Vašeková, Miroslava, 1978-
Format: Book
Language:Slovak
Published: Bratislava 2009
Tags: Add Tag
No Tags, Be the first to tag this record!

MARC

LEADER 00000nam$a2200000$$$4500
001 0097372
005 20240318134813.7
041 0 |a slo 
044 |a SK 
245 1 0 |a Osobitosti účtovného zobrazenia finančného prenájmu vo vzťahu k sústave účtovníctva (podvojné účtovníctvo, jednoduché účtovníctvo) podnikateľského subjektu a ich daňový aspekt v podmienkach SR  |b diplomová práca  |c Lucia Brachová ; škol. Miroslava Vašeková 
264 1 |a Bratislava  |c 2009 
300 |a 69 s. 
100 1 |a Brachová, Lucia 
700 1 |a Vašeková, Miroslava, 1978- 
710 2 |a Fakulta hospodárskej informatiky EU. Katedra účtovníctva a audítorstva